000 00338nam a2200133 i 4500
001 bg
100 1 _aIBRAGIMOV, J. J.
245 0 _aMetody interpoljacii funkcij i nekotorye ich primenenija /
_cJ.J. Ibragimow.
260 _aMoskva,
_c1971.
040 _cBPK
041 _apol
942 _cKS
008 s pl f |000 0 pol
999 _c14339
_d14339
856 _uhttp://koha.tu.koszalin.pl/cgi-bin/koha/opac-detail.pl?biblionumber=14339
_yKatalog online BPK